• 首页
  • 本馆介绍
  • 公告通知
  • 最新文献
  • 馆藏检索
  • 电子资源
  • 读者导购
  • 参考咨询
  • 我的图书馆
  • 登录
  • 详细信息显示
  • 放入我的书架
  • 预约/预借图书
  • 作者相关作品
  • 分类相关作品
  • 丛书相关作品
  • 出版社相关作品

书目信息

  • 表格格式
  • 工作单格式
  • 卡片格式
题名:
外国音乐欣赏
    
 
作者: 张重辉 , 汤琦 编著
分册:  
出版信息: 杭州   浙江大学出版社  2004
页数: 262页
开本: 23cm
丛书名: 大学素质教育丛书
单 册:
中图分类: J605.1
科图分类:
主题词: 音乐欣赏--外国--高等教育
电子资源:
ISBN: 7-308-03597-2
000 00916oam2 2200265 45
001 002636433
005 20050411091634.4
010    @a7-308-03597-2@dCNY26.00
100    @a20040508d2004 em y0chiy0110 ea
101 0  @achi
102    @aCN@b330000
105    @aag z 000yy
200 1  @a外国音乐欣赏@Awai guo yin yue xin shang@f张重辉,汤琦编著@FZhang Zhong Hui,Tang Qi Bian Zhu
210    @a杭州@c浙江大学出版社@d2004
215    @a262页@c图@d23cm
225 2  @a大学素质教育丛书
300    @a浙江省高等教育重点建设教材
330    @a本书介绍各具特性的器乐曲,舞曲和进行曲,单乐章交响音乐,套曲形式的大型器乐作品,20世纪西方现代音乐,爵士乐、乡村音乐、摇滚乐,歌剧和音乐剧,舞剧等内容。
410    @12001 @a大学素质教育丛书
606 0  @a音乐欣赏@y外国@x高等教育
690    @aJ605.1@v4
701  0 @a张重辉@4编著
701  0 @a汤琦@4编著
801  0 @aCN@bNLC@c20040607
905    @f5@b348237-241@dJ605.1@e292
    
    外国音乐欣赏/张重辉,汤琦编著.-杭州:浙江大学出版社,2004
    262页:图;23cm.-(大学素质教育丛书)
    浙江省高等教育重点建设教材
    
    ISBN 7-308-03597-2:CNY26.00
    本书介绍各具特性的器乐曲,舞曲和进行曲,单乐章交响音乐,套曲形式的大型器乐作品,20世纪西方现代音乐,爵士乐、乡村音乐、摇滚乐,歌剧和音乐剧,舞剧等内容。
●
相关链接 在E读中查询图书 在五车中查询图书 在当当中查询图书 在豆瓣中查询图书


正题名:外国音乐欣赏     索取号:J605.1/292         预约/预借

序号 登录号 条形码 馆藏地/架位号 状态 备注
1 0348237   203482374   第一样本阅览室/ [索取号:J605.1/292] 在馆    
2 0348238   203482383   第一借阅区/ [索取号:J605.1/292] 在馆    
3 0348239   203482392   第一借阅区/ [索取号:J605.1/292] 在馆    
4 0348240   203482409   第一借阅区/ [索取号:J605.1/292] 在馆    
5 0348241   203482418   第一借阅区/ [索取号:J605.1/292] 在馆    
欢迎您!
大连网信软件有限公司© 版权所有